000 00514nam a2200157Ia 4500
008 220216s9999 xx 000 0 und d
100 _aBesson I
245 4 _aThe Ethno-agronomic challenge: An agronomists reflections on a development project with ethnologists in rubber plantations in southeast Thailand
260 _bCahiers de la Recherche Developpement
_c1991
300 _a78-83
500 _aSource Year: 1993
650 _aEthnic groups
650 _aHevea brasiliensis
856 _uATA
942 _cJS
999 _c70683
_d70683